Top 20 1-Team NFL Players Ever - Statistics

General Stats
  • This quiz has been taken 23 times
  • The average score is 10 of 20
Answer Stats
(Rank) Team Player % Correct
13. GBP Aaron Rodgers
95%
2. DET Barry Sanders
86%
10. DET Calvin Johnson
86%
3. CLE Jim Brown
86%
6. BAL Ray Lewis
81%
4. CHI Walter Payton
81%
14. DEN John Elway
67%
8. CLE Otto Graham
62%
7. CHI Dick Butkus
57%
9. LAR Aaron Donald
52%
5. PIT Mean Joe Greene
52%
1. NYG Lawrence Taylor
38%
19. WAS Sammy Baugh
33%
18. PIT Troy Polamalu
33%
15. DAL Bob Lilly
24%
17. OAK Jim Otto
24%
12. PIT Mel Blount
24%
11. GBP Don Hutson
19%
20. GBP Forrest Gregg
19%
16. GBP Ray Nitschke
14%
No matching quizzes found
Score Distribution
Percent of People with Each Score
Percentile by Number Answered
Your Score History
You have not taken this quiz